ბათუმის შოთა რუსთაველის სახელმწიფო უნივერსიტეტის ბიბლიოთეკა

Практически работы по органической и биологические химии. (ბიბ.ჩანაწერი № 38236)

000 -LEADER
fixed length control field 00843nam a2200241Ia 4500
001 - CONTROL NUMBER
control field 4226
003 - CONTROL NUMBER IDENTIFIER
control field GE_BSU
008 - FIXED-LENGTH DATA ELEMENTS--GENERAL INFORMATION
fixed length control field 181216s||||||||xx |||||||||||||| ||und||
040 ## - CATALOGING SOURCE
Transcribing agency GE_BSU
080 ## - UNIVERSAL DECIMAL CLASSIFICATION NUMBER
Universal Decimal Classification number 547(075.8)
100 ## - MAIN ENTRY--PERSONAL NAME
Personal name Смолин, А.Н. Рождественская,В.А.
245 ## - TITLE STATEMENT
Title Практически работы по органической и биологические химии.
245 ## - TITLE STATEMENT
Statement of responsibility, etc. Ред. В.В.Максимова.
260 ## - PUBLICATION, DISTRIBUTION, ETC.
Place of publication, distribution, etc. М.
260 ## - PUBLICATION, DISTRIBUTION, ETC.
Name of publisher, distributor, etc. Учпедгиз.
260 ## - PUBLICATION, DISTRIBUTION, ETC.
Date of publication, distribution, etc. 1960.
300 ## - PHYSICAL DESCRIPTION
Extent 175 стр. 20 см.
300 ## - PHYSICAL DESCRIPTION
Accompanying material Табл.
653 ## - INDEX TERM--UNCONTROLLED
Uncontrolled term Практически работы по органической и биологические химии.
653 ## - INDEX TERM--UNCONTROLLED
Uncontrolled term ბიოლოგიური ქიმია
653 ## - INDEX TERM--UNCONTROLLED
Uncontrolled term ორგანული ქიმია
942 ## - ADDED ENTRY ELEMENTS (KOHA)
Koha item type წიგნი
ეგზემპლარები
Withdrawn status Lost status Damaged status Not for loan Date acquired Barcode Date last seen Price effective from Koha item type Public note
        2018-12-17 9580 2018-12-17 2018-12-17 წიგნი საცავი